000 00467nam a2200181 a 4500
003 DO-SdBNP
005 20220208133324.0
007 ta
008 110823s2004 000 spa d
040 _aDO-SdBNP
_bspa
_cBNPHU
082 _axxx
_bC912
245 0 _aCreatividad comunitaria :
_bcibernética social 2
260 _a[s.n.],
_c[19?].
_bSiglo XXI
300 _a41 p.:
_bil. ;
_c22 cm
590 _aInventariado, 2022 / DG
910 _aDG
942 _2ddc
_cLBS1
999 _c32733
_d32733